00000000nam##2200000za#4500
0019.612694
003CaOODSP
00520200327125256
007ta
008150406|1995||||xxc|||||     f|0| 0 eng|d
020 |a0-662-23605-X
040 |aCaOODSP|beng
043 |an-cn---
0861 |aH39-292/3-1995E
1101 |aCanada.|bHealth Canada. |bHealth Services and Promotion Branch.
24514|aThe impact of violence on mental health : |ba guide to the literature / |cby Janice L. Ristock. Issued by the Mental Health Division.
260 |aOttawa - Ontario : |bHealth Canada. |c1995.
300 |aviii, 28p. : |breferences ; |c28 cm.
4901 |aDiscussion papers on health/family violence issues|v3
500 |a"The purpose of this guide to the literature on the mental health effects of violence is to provide a systematic, descriptive overview of the breadth of literature in this area in order to provide professionals in the health/mental health fields and others with various references for further readings."--Introduction.
5203 |aThe purpose of this guide to the literature on the mental health effects of violence is to provide a systematic, descriptive overview of the breadth of literature in this area in order to provide professionals in the health/mental health fields and others with various references for further readings.--Introduction
563 |aSoftcover
590 |a95-50|b1995-12-15
69007|aFamily violence|2gcpds
7201 |aRistock, Janice L.
7760#|tThe impact of violence on mental health : |w(CaOODSP)9.574357
830#0|aDiscussion papers on health/family violence issues ;|v3|w(CaOODSP)9.514721